000 00370nam a2200133 i 4500
001 bg
100 1 _aBĄK, Franciszek.
245 1 0 _aZarys materializmu historycznego.
_nCz. 1,
_pWprowadzenie do materializmu historycznego /
_cFranciszek Bąk.
260 _aGliwice,
_c1977.
040 _cBPK
041 _apol
942 _cKS
008 s pl f |000 0 pol
999 _c17499
_d17499
856 _uhttp://koha.tu.koszalin.pl/cgi-bin/koha/opac-detail.pl?biblionumber=17499
_yKatalog online BPK